Normal view
MARC view
Entry Topical Term
001 - CONTROL NUMBER
- control field: 55617
003 - CONTROL NUMBER IDENTIFIER
- control field: OSt
005 - DATE AND TIME OF LATEST TRANSACTION
- control field: 20160507155525.0
008 - FIXED-LENGTH DATA ELEMENTS
- fixed length control field: 160507|| aca||aabn | a|a d
040 ## - CATALOGING SOURCE
- Original cataloging agency: OSt
- Transcribing agency: OSt
150 ## - HEADING--TOPICAL TERM
- Topical term or geographic name entry element: Literature
670 ## - SOURCE DATA FOUND
- Source citation: Work cat.: (OSt)41924: राय, विवेकी 45360, गणदेवता से गुड अर्थ तक , 2009









